00617nam a2200205Ia 450000500170000000800410001702000150005808200210007324500690009426000400016330000120020365000160021565000180023165000130024965000100026270000210027294200060029395200970029999900150039620250320043051.0240331s9999 xx 000 0 und d a8170363705 a302.2bPAR23438 0aParticipatory Communication:bWorking for Change and Development aNew Delhi,bSAGE Publicationsc1994 a470 p., aDevelopment aCommunication aConflict aMedia aWhite, S. Aeedt cL 001040708LaWERCLbWERCLcSSCd2024-03-31l0o 302.2 PARp3438r2024-03-31w2024-03-31yL c1090d1090